000 01069naa a22002417a 4500
001 205623
003 ES-MaBCM
005 20241010121357.0
008 170613t2016 sp ||||| |||| 00| 0 spa d
035 _a(OCoLC)1365253860
040 _cES-MaBCM
100 1 _937735
_aPozo Moreira, Francisco Javier
245 1 0 _aTrabajadores no asegurados y reclamación de los servicios sanitarios prestados por las mutuas colaboradoras
_b= The access to receive health care at work place and refund paid by worker for non-coverage assistance by the private insurance fund (mutual)
_cFrancisco Javier Pozo Moreira
504 _aIncluye referencias bibliográficas
650 7 _960469
_aMano de obra
650 7 _959520
_aMutualidad laboral
650 7 _957411
_aAccidente laboral
650 7 _957619
_aAsistencia sanitaria
650 7 _960210
_aSeguridad social
651 4 _9115342
_aEspaña
773 0 _dMurcia Laborum 2016
_gP. 289-298 - Loc. 59328
_tLos retos actuales de la asistencia sanitaria española en el contexto de la Unión Europea
_w204095
942 _2udc
_cAMON
999 _c205623
_d205623